Piłka nożna - Chelsea - transfery - Statystyki

Ogólne statystyki
  • Ten quiz został rozwiązany 206 razy
  • Średni wynik to 10 z 15
Statystyki odpowiedzi
miejsce kwota sezon klub oddający zawodnik % Poprawnych
1. 121 mln € 22/23 SL Benfica Enzo Fernandez
93%
7. 70,00 mln € 22/23 Szachtar Donieck Mykhalo Mudryk
91%
2. 116 mln € 23/24 Brighton Moises Caicedo
87%
3. 113 mln € 21/22 Inter Mediolan Romelu Lukaku
84%
5. 80,00 mln € 20/21 Bayer 04 Leverkusen Kai Havertz
79%
6. 80,00 mln € 18/19 Athletic Club Kepa Arrizabalaga
77%
13. 60,00 mln € 24/25 Wolverhampton Pedro Neto
69%
14. 58,50 mln € 10/11 Liverpool FC Fernando Torres
63%
12. 60,00 mln € 23/24 RB Leipzig Christopher Nkunku
61%
9. 65,30 mln € 22/23 Brigthon Marc Cucurella
59%
10. 64,00 mln € 18/19 Borussia Dortmund Christian Pulisic
50%
4. 80,40 mln € 22/23 Leicester City Wesley Fofana
50%
11. 62,10 mln € 23/24 Southampton FC Romeo Lavia
49%
8. 66,00 mln € 17/18 Real Madryt Alvaro Morata
46%
15. 57,00 mln € 18/19 SSC Napoli Jorginho
46%
Nie znaleziono quizów pasujących do podanych kryteriów
Rozkład punktacji
Procent ludzi z każdym wynikiem
Percentyl według liczby udzielonych odpowiedzi
Twoja historia wyników
Nie rozwiązałeś tego quizu